[Event "Croatian junior league 2021"]
[Site "Rabac"]
[Date "2021.04.07"]
[Round "3.11"]
[White "Horcicka, Jan"]
[Black "Poljan, Max"]
[Result "1-0"]
[WhiteElo "1698"]
[BlackElo "1573"]
[Annotator "NA RC"]
[PlyCount "113"]
[EventDate "2021.04.06"]
[EventType "swiss"]
[EventCountry "CRO"]
[SourceTitle "playchess.com"]
[Source "ChessBase"]
[SourceQuality "1"]
[TimeControl "5400+30"]

1. e4 {[%emt 0:00:00]} c5 {[%emt 0:00:00]} 2. Nf3 {[%emt 0:00:00]} e6 {[%emt 0:00:00]} 3. d4 {[%emt 0:00:00]} cxd4 {[%emt 0:00:00]} 4. Nxd4 {[%emt 0:00:00]} Nf6 {[%emt 0:00:28]} 5. Nc3 {[%emt 0:00:10]} Nc6 {[%emt 0:00:06]} 6. Ndb5 {[%emt 0:01:10]} Bb4 {[%emt 0:00:05]} 7. a3 {[%emt 0:01:24]} Bxc3+ {[%emt 0:00:06]} 8. Nxc3 {[%emt 0:00:01]} O-O {[%emt 0:01:49]} 9. Bf4 {[%emt 0:02:12]} e5 {[%emt 0:01:33]} 10. Bg5 {[%emt 0:00:36]} h6 {[%emt 0:02:18]} 11. Bh4 {[%emt 0:00:09]} d6 {[%emt 0:04:04]} 12. Bc4 {[%emt 0:13:21]} a6 {[%emt 0:08:48]} 13. Nd5 {[%emt 0:14:08]} g5 {[%emt 0:02:06]} 14. Bg3 {[%emt 0:07:30]} Nxd5 {[%emt 0:11:39]} 15. Bxd5 {[%emt 0:02:31]} Ne7 {[%emt 0:06:31]} 16. Ba2 {[%emt 0:03:07]} Qb6 {[%emt 0:06:16]} 17. h4 {[%emt 0:13:16]} g4 {[%emt 0:03:12]} 18. Qd2 {[%emt 0:00:40]} Kg7 {[%emt 0:02:10]} 19. O-O-O {[%emt 0:00:48]} f5 {[%emt 0:17:43]} 20. Qxd6 {[%emt 0:04:07]} Qxd6 {[%emt 0:01:55]} 21. Rxd6 {[%emt 0:00:01]} f4 {[%emt 0:00:10]} 22. Bh2 {[%emt 0:00:06]} Rf6 {[%emt 0:01:49]} 23. Rhd1 {[%emt 0:02:25]} Rxd6 {[%emt 0:01:13]} 24. Rxd6 {[%emt 0:00:02]} h5 {[%emt 0:04:19]} 25. f3 {[%emt 0:05:28]} Ng6 {[%emt 0:03:27]} 26. fxg4 {[%emt 0:14:00]} Bxg4 {[%emt 0:03:09]} 27. Rb6 {[%emt 0:04:43]} Rb8 {[%emt 0:02:35]} 28. g3 {[%emt 0:00:42]} f3 {[%emt 0:02:23]} 29. Bg1 {[%emt 0:00:01]} Nf8 {[%emt 0:01:45]} 30. Bd5 {[%emt 0:01:08]} Nd7 {[%emt 0:04:20]} 31. Rxb7 {[%emt 0:00:48]} Rxb7 {[%emt 0:00:05]} 32. Bxb7 {[%emt 0:00:03]} Nf6 {[%emt 0:00:21]} 33. Kd2 {[%emt 0:00:44]} Kf7 {[%emt 0:01:07]} 34. Ke3 {[%emt 0:01:23]} a5 {[%emt 0:00:32]} 35. Bf2 {[%emt 0:00:53]} Nd7 {[%emt 0:03:27]} 36. Be1 {[%emt 0:08:03]} a4 {[%emt 0:00:29]} 37. Bc6 {[%emt 0:01:49]} Nb6 {[%emt 0:00:09]} 38. Bb5 {[%emt 0:00:30]} Ke7 {[%emt 0:01:53]} 39. Bb4+ {[%emt 0:00:44]} Ke6 {[%emt 0:01:05]} 40. Ba5 {[%emt 0:00:13]} Nd7 {[%emt 0:00:29]} 41. Bxa4 {[%emt 0:01:18]} Nc5 {[%emt 0:00:29]} 42. Bc6 {[%emt 0:00:00]} Kd6 {[%emt 0:00:53]} 43. Bd5 {[%emt 0:00:00]} Na4 {[%emt 0:00:29]} 44. Bb4+ {[%emt 0:00:29]} Kc7 {[%emt 0:00:32]} 45. Bc3 {[%emt 0:01:13]} Nxc3 {[%emt 0:01:01]} 46. bxc3 {[%emt 0:00:01]} Kb6 {[%emt 0:00:06]} 47. Bf7 {[%emt 0:00:54]} Ka5 {[%emt 0:00:25]} 48. Be8 {[%emt 0:00:03]} Ka6 {[%emt 0:00:16]} 49. c4 {[%emt 0:00:53]} Kb6 {[%emt 0:00:07]} 50. c3 {[%emt 0:00:30]} Kc5 {[%emt 0:00:35]} 51. Bb5 {[%emt 0:00:07]} Kb6 {[%emt 0:00:00]} 52. Ba4 {[%emt 0:00:12]} Kc5 {[%emt 0:00:10]} 53. Bb3 {[%emt 0:00:08]} Kb6 {[%emt 0:00:09]} 54. Kf2 {[%emt 0:00:42]} Kc5 {[%emt 0:00:21]} 55. a4 {[%emt 0:00:26]} Kb6 {[%emt 0:00:29]} 56. Bd1 {[%emt 0:00:06]} Be6 {[%emt 0:00:03]} 57. Bxf3 {[%emt 0:00:08]} 1-0

[Event "Croatian junior league 2021"]
[Site "Rabac"]
[Date "2021.04.07"]
[Round "3.12"]
[White "Hergotic, Mihael"]
[Black "Kostic, Lovro"]
[Result "1-0"]
[WhiteElo "1476"]
[BlackElo "1367"]
[Annotator "NA RC"]
[PlyCount "101"]
[EventDate "2021.04.06"]
[EventType "swiss"]
[EventCountry "CRO"]
[SourceTitle "playchess.com"]
[Source "ChessBase"]
[SourceQuality "1"]
[TimeControl "5400+30"]

1. e4 g6 2. d4 Bg7 3. Nc3 d6 4. g3 a6 5. a4 b6 6. Bg2 Bb7 7. Nge2 Nd7 8. O-O c5 9. f4 e6 10. f5 exf5 11. exf5 Bxg2 12. Kxg2 Ngf6 13. Bg5 Qc7 14. fxg6 {[%emt 0:06:30]} fxg6 {[%emt 0:06:30]} 15. Nf4 {[%emt 0:00:30]} O-O {[%emt 0:00:30]} 16. Ne6 {[%emt 0:00:30]} Qb7+ {[%emt 0:00:30]} 17. d5 {[%emt 0:00:30]} Rfe8 {[%emt 0:00:30]} 18. Kg1 {[%emt 0:00:30]} Nxd5 {[%emt 0:00:30]} 19. Qxd5 {[%emt 0:00:30]} Qxd5 {[%emt 0:00:30]} 20. Nxd5 {[%emt 0:00:30]} Rxe6 {[%emt 0:00:30]} 21. Nc7 {[%emt 0:00:30]} Bd4+ {[%emt 0:00:30]} 22. Kh1 {[%emt 0:00:30]} Rae8 {[%emt 0:00:30]} 23. Nxe8 {[%emt 0:00:30]} Rxe8 {[%emt 0:00:30]} 24. c3 {[%emt 0:00:30]} Bg7 {[%emt 0:00:30]} 25. Rae1 {[%emt 0:00:30]} Rxe1 {[%emt 0:00:30]} 26. Rxe1 {[%emt 0:00:30]} Ne5 {[%emt 0:00:30]} 27. Rd1 {[%emt 0:00:30]} Bf8 {[%emt 0:00:30]} 28. Bd8 {[%emt 0:00:30]} Ng4 {[%emt 0:00:30]} 29. Rd2 {[%emt 0:00:30]} Ne3 {[%emt 0:00:30]} 30. Rd3 {[%emt 0:00:30]} Ng4 {[%emt 0:00:30]} 31. Kg2 {[%emt 0:00:30]} Ne5 {[%emt 0:00:30]} 32. Rd1 {[%emt 0:00:30]} Nc4 {[%emt 0:00:30]} 33. Rb1 {[%emt 0:00:30]} b5 {[%emt 0:00:30]} 34. axb5 {[%emt 0:00:30]} axb5 {[%emt 0:00:30]} 35. b4 {[%emt 0:00:30]} Na3 {[%emt 0:00:30]} 36. Rb3 {[%emt 0:00:30]} cxb4 {[%emt 0:00:30]} 37. Rxb4 {[%emt 0:00:30]} d5 {[%emt 0:00:30]} 38. Rb3 {[%emt 0:00:30]} Kf7 {[%emt 0:00:30]} 39. Ba5 {[%emt 0:00:30]} Nc2 {[%emt 0:00:30]} 40. Rxb5 {[%emt 0:00:30]} d4 {[%emt 0:00:30]} 41. cxd4 {[%emt 0:00:30]} Nxd4 {[%emt 0:00:30]} 42. Rb7+ {[%emt 0:00:30]} Kg8 {[%emt 0:00:30]} 43. Bc3 {[%emt 0:00:30]} Ne6 {[%emt 0:00:30]} 44. Kf3 {[%emt 0:00:30]} Nc5 {[%emt 0:00:30]} 45. Ra7 {[%emt 0:00:30]} Ne6 {[%emt 0:00:30]} 46. Ke4 {[%emt 0:00:30]} Ng7 {[%emt 0:00:30]} 47. Kd5 {[%emt 0:00:30]} Nf5 {[%emt 0:00:30]} 48. Ke6 {[%emt 0:00:30]} Ng7+ {[%emt 0:00:30]} 49. Bxg7 {[%emt 0:00:30]} Bxg7 {[%emt 0:00:30]} 50. Ra8+ {[%emt 0:00:30]} Bf8 {[%emt 0:00:30]} 51. Kf6 {[%emt 0:00:30]} 1-0

[Event "Croatian junior league 2021"]
[Site "Rabac"]
[Date "2021.04.07"]
[Round "3.13"]
[White "Jakrlin, Mihael"]
[Black "Levacic, Matej"]
[Result "1-0"]
[WhiteElo "2106"]
[BlackElo "2144"]
[Annotator "TA"]
[PlyCount "53"]
[EventDate "2021.04.06"]
[EventType "swiss"]
[EventCountry "CRO"]
[SourceTitle "playchess.com"]
[Source "ChessBase"]
[SourceQuality "1"]

{[%evp 16,52,17,9,32,24,18,0,3,0,33,28,44,53,46,6,197,189,187,178,365,360,417,422,870,867,1115,1123,1350,1300,1274,485,968,785,29996,29997,29998,29999,29999]} 1. c4 e6 2. g3 d5 3. Bg2 Nf6 4. Nf3 Be7 5. O-O O-O 6. b3 b6 7. Bb2 Bb7 8. e3 Nbd7 9. Qe2 {has lost popularity (9.Nc3).} Bd6 {A14: English Opening: 1...e6 with b3 by White.} 10. d4 {[#]} Qe7 $146 ({Predecessor:} 10... c5 11. Ne5 Qe7 12. a4 a5 13. Na3 Rac8 14. Nb5 Bb8 15. Rfd1 Rfd8 16. Rac1 Nxe5 17. dxe5 {1-0 (33) Martinovic,S (2445)-Nikolic,G (2355) Tivat 1995}) 11. Nbd2 {[%cal Bb1d2,Bd2f3,Bf3d4,Bd4f5,Bf5h6][%mdl 32]} a5 {The position is equal.} 12. a4 e5 13. dxe5 Nxe5 14. Nd4 Bb4 15. N2f3 {Black must now prevent Nf5.} Ned7 $2 {A mistake that costs the game.} (15... dxc4 $11 {and Black stays safe.} 16. Nxe5 Bxg2 17. Kxg2 Qxe5) 16. Nf5 $18 Qe8 17. N3d4 Ne5 $2 (17... g6) 18. f4 Neg4 19. h3 Nh6 (19... Nxe3 $142 20. Nxe3 c6) 20. Nxh6+ gxh6 21. Nf5 {[%mdl 64] Discovered Attack} Qe6 22. Nxh6+ Kg7 {[#]} 23. Qg4+ (23. f5 $142 $1 Qd6 24. Qh5) 23... Kh8 (23... Qxg4 $142 24. Nxg4 Be7 25. cxd5 Rab8) 24. Qg5 Qxe3+ 25. Kh2 {[%cal Rb2f6] White mates.} Bc3 {[#]} 26. Qxf6+ $1 {[%mdl 512]} Bxf6 27. Bxf6# {Weighted Error Value: White=0.36/Black=0.92} 1-0

[Event "Croatian junior league 2021"]
[Site "Rabac"]
[Date "2021.04.07"]
[Round "3.14"]
[White "Ljubicic, Mario"]
[Black "Troselj, Ivan"]
[Result "0-1"]
[WhiteElo "2036"]
[BlackElo "1962"]
[Annotator "TA"]
[PlyCount "42"]
[EventDate "2021.04.06"]
[EventType "swiss"]
[EventCountry "CRO"]
[SourceTitle "playchess.com"]
[Source "ChessBase"]
[SourceQuality "1"]

{[%evp 9,42,-32,10,-14,-10,-12,-12,-21,-13,-12,-19,-22,-23,-27,-22,-50,-9,-91,-91,-171,-159,-164,-161,-160,-137,-162,-144,-202,-170,-340,-336,-460,-473,-458,-461]} 1. e4 c6 2. Nf3 g6 3. Nc3 d5 4. d3 Bg7 5. Bd2 d4 6. Ne2 {B11: Caro-Kann: Two Knights Variation.} e5 {[#]} 7. g3 $146 ({Predecessor:} 7. Qc1 h5 8. g3 Bg4 9. Bg2 c5 10. h3 Bd7 11. O-O Nc6 12. a3 a5 13. c3 {0-1 (58) Kekic,A (2228)-Omercic,M (2060) Bosna 2017}) 7... Ne7 8. Bg2 {The position is equal.} c5 9. O-O O-O 10. Ne1 Nbc6 11. f4 f5 12. fxe5 Nxe5 13. Nf4 (13. Nf3 $11 {remains equal.}) 13... fxe4 $17 14. Bxe4 (14. dxe4 $17 c4 15. Qc1) 14... Bg4 15. Nf3 g5 $1 $36 {[%cal Rg5f4][%mdl 2048] White is under strong pressure.} 16. Ng2 N7c6 17. Nge1 h6 18. c3 (18. b4 $17 {might work better.}) 18... Qf6 $19 19. Kg2 $2 (19. Qe2 {keeps fighting.}) 19... Qe6 20. Qb3 Bh3+ {[%mdl 64] [#] Skewer} 21. Kg1 {Black must now prevent Bd5.} Qxb3 {Weighted Error Value: White=0.38/Black=0.07} 0-1

[Event "Croatian junior league 2021"]
[Site "Rabac"]
[Date "2021.04.07"]
[Round "3.15"]
[White "Birkic, Josip"]
[Black "Mijic, Karlo"]
[Result "1/2-1/2"]
[WhiteElo "1972"]
[BlackElo "1599"]
[Annotator "NA RC"]
[PlyCount "101"]
[EventDate "2021.04.06"]
[EventType "swiss"]
[EventCountry "CRO"]
[SourceTitle "playchess.com"]
[Source "ChessBase"]
[SourceQuality "1"]
[TimeControl "5400+30"]

1. Nf3 {[%emt 0:00:00]} Nf6 {[%emt 0:00:00]} 2. c4 {[%emt 0:00:30]} e6 {[%emt 0:00:30]} 3. g3 {[%emt 0:00:30]} d5 {[%emt 0:00:30]} 4. Bg2 {[%emt 0:00:30]} Be7 {[%emt 0:00:30]} 5. O-O {[%emt 0:00:30]} O-O {[%emt 0:00:30]} 6. d4 {[%emt 0:00:30]} c6 {[%emt 0:00:30]} 7. b3 {[%emt 0:00:30]} Na6 {[%emt 0:00:30]} 8. Nbd2 {[%emt 0:00:30]} Nc7 $14 {[%emt 0:00:30]} 9. Qc2 b6 10. Ne5 Bb7 11. Bb2 Rc8 12. Rad1 Nfe8 13. f3 c5 14. e3 Nd6 15. Qb1 Nf5 16. Rfe1 cxd4 17. exd4 dxc4 18. Ndxc4 Bb4 19. Re2 Nd5 20. Rd3 b5 21. Nd2 Nc3 22. Bxc3 Bxc3 23. d5 Bxd5 24. Ng4 Qb6+ 25. Nf2 {[%emt 0:12:00]} Rc7 {[%emt 0:12:00]} 26. Rxd5 {[%emt 0:00:30]} Nxg3 {[%emt 0:00:30]} 27. hxg3 {[%emt 0:00:30]} exd5 {[%emt 0:00:30]} 28. Qd3 {[%emt 0:00:30]} Qd4 {[%emt 0:00:30]} 29. Qxd4 {[%emt 0:00:30]} Bxd4 {[%emt 0:00:30]} 30. f4 {[%emt 0:00:30]} Rc2 {[%emt 0:00:30]} 31. Kf1 {[%emt 0:00:30]} Bc3 {[%emt 0:00:30]} 32. Nf3 {[%emt 0:00:30]} Rxe2 {[%emt 0:00:30]} 33. Kxe2 {[%emt 0:00:30]} d4 {[%emt 0:00:30]} 34. Kd3 {[%emt 0:00:30]} b4 {[%emt 0:00:30]} 35. Ne5 {[%emt 0:00:30]} Rd8 {[%emt 0:00:30]} 36. g4 {[%emt 0:00:30]} f6 {[%emt 0:00:30]} 37. Nc6 {[%emt 0:00:30]} Re8 {[%emt 0:00:30]} 38. Bd5+ {[%emt 0:00:30]} Kf8 {[%emt 0:00:30]} 39. Ne4 {[%emt 0:00:30]} Ba1 {[%emt 0:00:30]} 40. Nxb4 {[%emt 0:00:30]} f5 {[%emt 0:00:30]} 41. gxf5 {[%emt 0:00:30]} h5 {[%emt 0:00:30]} 42. Nc2 {[%emt 0:00:30]} Rd8 {[%emt 0:00:30]} 43. Be6 {[%emt 0:00:30]} Bb2 {[%emt 0:00:30]} 44. f6 {[%emt 0:00:30]} gxf6 {[%emt 0:00:30]} 45. Nb4 {[%emt 0:00:30]} Re8 {[%emt 0:00:30]} 46. Bf5 {[%emt 0:00:30]} Kg7 {[%emt 0:00:30]} 47. Nd5 {[%emt 0:00:30]} Rf8 {[%emt 0:00:30]} 48. Ndxf6 {[%emt 0:00:30]} Rxf6 {[%emt 0:00:30]} 49. Nxf6 {[%emt 0:00:30]} Kxf6 {[%emt 0:00:30]} 50. Bh3 {[%emt 0:00:30]} h4 {[%emt 0:00:30]} 51. Ke4 {[%emt 0:00:30]} 1/2-1/2

[Event "Croatian junior league 2021"]
[Site "Rabac"]
[Date "2021.04.07"]
[Round "3.16"]
[White "Bedic, Noemi"]
[Black "Zekic, Patrik"]
[Result "0-1"]
[WhiteElo "1587"]
[BlackElo "1731"]
[Annotator "NA RC"]
[PlyCount "110"]
[EventDate "2021.04.06"]
[EventType "swiss"]
[EventCountry "CRO"]
[SourceTitle "playchess.com"]
[Source "ChessBase"]
[SourceQuality "1"]
[TimeControl "5400+30"]

1. e4 e6 2. d4 d5 3. Nd2 Be7 4. Ngf3 Nf6 5. e5 Nfd7 6. Bd3 c5 7. c3 Nc6 8. O-O g5 9. Nb1 h5 10. Be3 g4 11. Ne1 Qb6 12. b3 a5 13. Nc2 cxd4 14. cxd4 Rg8 15. Be2 f5 16. exf6 Nxf6 17. f3 Bd7 18. Nc3 O-O-O 19. Na4 Qc7 20. Rc1 gxf3 21. Rxf3 Ng4 22. Bf4 Bd6 23. Bxd6 {[%emt 0:11:00]} Qxd6 {[%emt 0:11:00]} 24. Rh3 {[%emt 0:00:30]} Qf4 {[%emt 0:00:30]} 25. Bxg4 {[%emt 0:00:30]} hxg4 {[%emt 0:00:30]} 26. Rc3 {[%emt 0:00:30]} g3 {[%emt 0:00:30]} 27. Rxg3 {[%emt 0:00:30]} Rxg3 {[%emt 0:00:30]} 28. hxg3 {[%emt 0:00:30]} Qxg3 {[%emt 0:00:30]} 29. Qe1 {[%emt 0:00:30]} Qf4 {[%emt 0:00:30]} 30. Qe3 {[%emt 0:00:30]} Rf8 {[%emt 0:00:30]} 31. Qxf4 {[%emt 0:00:30]} Rxf4 {[%emt 0:00:30]} 32. g3 {[%emt 0:00:30]} Rg4 {[%emt 0:00:30]} 33. Kf2 {[%emt 0:00:30]} Kd8 {[%emt 0:00:30]} 34. Rd1 {[%emt 0:00:30]} Ne7 {[%emt 0:00:30]} 35. Ne3 {[%emt 0:00:30]} Rg6 {[%emt 0:00:30]} 36. Nc5 {[%emt 0:00:30]} b6 {[%emt 0:00:30]} 37. Nd3 {[%emt 0:00:30]} Nc6 {[%emt 0:00:30]} 38. Nf4 {[%emt 0:00:30]} Rg8 {[%emt 0:00:30]} 39. Ne2 {[%emt 0:00:30]} Ke7 {[%emt 0:00:30]} 40. Rg1 {[%emt 0:00:30]} Kf6 {[%emt 0:00:30]} 41. g4 {[%emt 0:00:30]} e5 {[%emt 0:00:30]} 42. dxe5+ {[%emt 0:00:30]} Kxe5 {[%emt 0:00:30]} 43. Kf3 {[%emt 0:00:30]} Nb4 {[%emt 0:00:30]} 44. a3 {[%emt 0:00:30]} Nc6 {[%emt 0:00:30]} 45. g5 {[%emt 0:00:30]} Ne7 {[%emt 0:00:30]} 46. Nc1 {[%emt 0:00:30]} Be6 {[%emt 0:00:30]} 47. Nd3+ {[%emt 0:00:30]} Kd4 {[%emt 0:00:30]} 48. Nc1 {[%emt 0:00:30]} Kc3 {[%emt 0:00:30]} 49. Kf4 {[%emt 0:00:30]} d4 {[%emt 0:00:30]} 50. Nd1+ {[%emt 0:00:30]} Kd2 {[%emt 0:00:30]} 51. Ke5 {[%emt 0:00:30]} Bc8 {[%emt 0:00:30]} 52. Nf2 {[%emt 0:00:30]} Nf5 {[%emt 0:00:30]} 53. Ne4+ {[%emt 0:00:30]} Kc2 {[%emt 0:00:30]} 54. g6 {[%emt 0:00:30]} Nh4 {[%emt 0:00:30]} 55. Kf6 {[%emt 0:00:30]} Bf5 {[%emt 0:00:30]} 0-1

[Event "Croatian junior league 2021"]
[Site "Rabac"]
[Date "2021.04.07"]
[Round "3.17"]
[White "Begic, Domagoj"]
[Black "Kovac, Petar"]
[Result "*"]
[WhiteElo "1706"]
[BlackElo "2089"]
[Annotator "TA"]
[PlyCount "15"]
[EventDate "2021.04.06"]
[EventType "swiss"]
[EventCountry "CRO"]
[SourceTitle "playchess.com"]
[Source "ChessBase"]
[SourceQuality "1"]

{[%evp 9,15,0,6,0,12,6,17,-18]} 1. d4 d5 2. Nf3 Nf6 3. e3 c5 4. c3 e6 5. Nbd2 Nc6 {The position is equal.} 6. a3 {D05: Colle System with ...e6.} a5 7. Bb5 Bd7 {[#]} 8. Rb1 $146 {An uneventful encounter. Not enough moves} ({Predecessor:} 8. O-O Bd6 9. Qe2 O-O 10. dxc5 Bxc5 11. e4 Qb6 12. a4 Ne7 13. Bd3 Ng6 14. g3 dxe4 15. Nxe4 Nxe4 16. Bxe4 {½-½ (69) Tymrakiewicz,R (2192)-Oborski,A (1988) Jastrzebie Zdroj 2018}) *

[Event "Croatian junior league 2021"]
[Site "Rabac"]
[Date "2021.04.07"]
[Round "3.20"]
[White "Novosel, Marko"]
[Black "Alfirevic, Duje"]
[Result "1/2-1/2"]
[WhiteElo "2130"]
[BlackElo "1996"]
[Annotator "TA"]
[PlyCount "107"]
[EventDate "2021.04.06"]
[EventType "swiss"]
[EventCountry "CRO"]
[SourceTitle "playchess.com"]
[Source "ChessBase"]
[SourceQuality "1"]

{[%evp 12,107,25,7,9,0,40,-16,-18,-10,-16,-16,-21,-22,12,21,0,-58,-61,-93,40,-4,-4,-4,-4,-7,-4,-10,0,-10,-8,-37,-38,-38,-37,-56,-44,-70,-77,-78,-78,-97,-64,-73,-60,-82,-79,-161,0,0,-16,-25,-17,-100,-51,-122,-123,-170,-95,-101,-86,-105,-72,-207,-159,-132,-108,-116,-116,-428,-437,-515,-507,-501,-343,-345,-282,-387,-107,-94,-95,-105,-20,-95,-84,-92,-18,-44,-44,-44,-36,-48,-1,-1,-1,-8,0,0]} 1. Nf3 Nf6 2. g3 d5 3. Bg2 Bf5 4. O-O e6 5. d3 Be7 6. Nbd2 O-O 7. Re1 h6 {A07: Réti Opening: New York and Capablanca Systems.} 8. b3 c5 9. c4 (9. Ne5 $14) 9... Nc6 $11 {[#]} 10. cxd5 $146 ({Predecessor:} 10. Bb2 Rb8 11. e4 dxe4 12. dxe4 Bg4 13. h3 Bxf3 14. Nxf3 Qc7 15. Qe2 e5 16. Rad1 {½-½ (39) Demetrakis,M (2205)-Triantaphyllou,N Cyprus 1992}) 10... exd5 ({Much weaker is} 10... Nxd5 $6 11. e4 $16) 11. Bb2 Rc8 12. e4 dxe4 13. dxe4 Be6 14. Ne5 (14. Qe2 $11) 14... Nxe5 $1 $15 15. Bxe5 Qd7 ({Better is} 15... Ng4 $17 16. Bb2 b5) 16. Bxf6 Bxf6 17. e5 Be7 18. Qe2 Rfd8 19. Nc4 Qb5 20. Qc2 Rd4 21. Bf1 Qd7 22. a4 Rd8 23. Qc3 b6 24. Bg2 h5 25. Re4 Rd3 26. Qb2 Bf5 27. Re3 Rd4 28. Rae1 h4 29. Be4 (29. Qe2 $17 {keeps fighting.}) 29... h3 (29... Bxe4 $19 30. Rxe4 Rxe4 31. Rxe4 h3) 30. Bxf5 $11 Qxf5 31. Qe2 Qe6 $40 {[%mdl 128] Black attacks.} 32. Re4 (32. Qf1 $11) 32... Qc6 {And now ...Rxe4 would win.} 33. f3 (33. Kf1 $15) 33... Rxe4 $17 34. fxe4 Qd7 (34... a6 $1 $19 35. Qf3 Qe6) 35. Kf2 g6 36. Kf3 Kg7 37. Ne3 (37. Kf2 $17 {was worth a try.}) 37... Qd4 38. Rd1 Qc3 {aiming for ...Rd4.} 39. Rxd8 Bxd8 40. Kg4 {[%mdl 8192]} (40. Qc4 $17 {is a better chance.} Qxe5 41. Qd5 Qf6+ 42. Kg4) 40... Qxe5 $19 {...Qh5+ is the strong threat.} 41. Kxh3 Qxe4 42. Qf2 Qe6+ 43. Ng4 Bg5 44. Qb2+ Kg8 $2 (44... Bf6 $19 {has better winning chances.} 45. Qxf6+ Qxf6 46. Nxf6 Kxf6) 45. Qe5 $17 {[#]} Qxe5 46. Nxe5 {[%mdl 4096] Endgame KB-KN} Kf8 ({Black should play} 46... Bf6 $17 47. Nc6 a6) 47. Nc6 {[#]} (47. Kg4 $11 {remains equal.} Be7 48. Nc6) 47... a6 $1 48. Kg4 Bd2 (48... f6 $17 49. Kf3 f5) 49. Kf3 b5 50. axb5 axb5 51. Ke4 c4 52. bxc4 $1 {The position is equal.} bxc4 53. Ne5 c3 {Threatens to win with ...c2.} 54. Kd3 {Whites escaped into a draw.  Weighted Error Value: White=0.34/Black=0.38} 1/2-1/2

[Event "Croatian junior league 2021"]
[Site "Rabac"]
[Date "2021.04.07"]
[Round "3.21"]
[White "Vucenovic, Damian"]
[Black "Klapac, Patrik"]
[Result "0-1"]
[WhiteElo "1980"]
[BlackElo "1780"]
[Annotator "TA"]
[PlyCount "134"]
[EventDate "2021.04.06"]
[EventType "swiss"]
[EventCountry "CRO"]
[SourceTitle "playchess.com"]
[Source "ChessBase"]
[SourceQuality "1"]

{[%evp 17,134,0,14,10,22,-44,-39,-71,-64,-70,-47,-60,-42,-81,-87,-104,-22,-22,-18,-72,-61,-74,-20,-32,-26,-279,-231,-259,-45,-122,-118,-114,-91,-111,-38,-42,-35,-30,-25,-51,-25,-24,0,0,0,-138,-84,-67,-87,-72,0,-14,0,-135,22,12,63,21,58,55,59,-27,0,0,0,-42,-33,-60,-39,-150,-160,-419,-431,-446,-50,-62,0,-147,-72,-68,0,0,0,-116,-66,-127,-88,-248,-226,-339,-291,-397,-362,-425,-425,-414,-413,-2592,-2518,-2614,-2670,-2357,-2371,-1890,-1504,-29980,-29981,-29983,-29984,-29984,-29985,-29985,-29986,-29988,-29989,-29989,-29988,-29989,-29990]} 1. e4 c5 2. Nf3 d6 3. c3 Nf6 4. Bd3 Nc6 5. Bc2 g6 6. O-O Bg7 7. h3 O-O 8. Re1 e5 9. d3 h6 10. Be3 {B50: Sicilian: 2...d6, Miscellaneous.} b6 {[#]} 11. Nh2 $146 (11. d4 $11) ({Predecessor:} 11. d4 cxd4 12. cxd4 Nb4 13. Nc3 Nxc2 14. Qxc2 Qe7 15. a4 Bd7 16. Qb3 Rab8 17. Qa3 Rfe8 {½-½ (57) Van den Doel,E (2593)-Carlsson,P (2481) Heraklion 2007}) 11... d5 $15 12. Qf3 {Black is slightly better.} d4 13. Bd2 Bd7 14. Qe2 Qc7 15. Rf1 Nh5 16. Bb3 Be6 (16... dxc3 $17 17. bxc3 Nf4 18. Bxf4 exf4) 17. Bxe6 $1 $11 fxe6 18. Qg4 (18. g3 $11 {keeps the balance.}) 18... Qf7 $17 19. g3 Kh7 (19... dxc3 $17 20. Nxc3 Rad8) 20. Na3 Qe7 21. f4 $2 {[%mdl 8192]} (21. c4 $11 {and White stays safe.}) 21... exf4 22. gxf4 Qd6 $2 (22... dxc3 $19 23. Bxc3 Qd6) 23. Nb5 (23. c4 $15) 23... Qd7 {...a6 is the strong threat.} 24. c4 a6 25. Na3 Qd6 (25... Rf6 $17 26. e5 Rff8) 26. Rf2 $15 Nf6 27. Qh4 {Strongly threatening e5.} Qe7 28. Rg2 Qf7 29. Rf1 Ne7 30. Kh1 Nh5 31. Rfg1 (31. Qg4 $11 {remains equal.}) 31... Ra7 (31... Qf6 $142 32. Qg4 Nxf4 33. Bxf4 Qxf4 34. Qxe6 Qf6 35. Qxf6 Rxf6) 32. Nf3 $17 Qf6 33. Rg4 Rg8 (33... Qxh4 $17 34. Nxh4 e5 35. Rxg6 (35. Nxg6 $2 Nxg6 36. Rxg6 exf4 $19) 35... Nxg6 36. Nxg6 Rg8) 34. Qf2 Qf7 35. Qg2 {[#]} (35. e5 $11) 35... Bf6 $2 (35... e5 $1 $17 {[%cal Re5f4]} 36. f5 (36. fxe5 Rf8 $17) (36. Nxe5 Bxe5 37. fxe5 Nc6 $19) 36... gxf5 37. exf5 Nxf5) 36. Nc2 Raa8 (36... Qe8 $11) 37. b4 (37. e5 $5 {[%cal Re5f6]} Bh8 38. Qe2 $11) 37... Raf8 38. a4 Bh8 39. a5 (39. Nce1 $14) 39... bxa5 $11 40. bxc5 e5 41. Nxe5 Bxe5 42. fxe5 Nc6 43. Qh2 (43. e6 $1 $15 Qxe6 44. e5 Nxe5 {[%mdl 64] Double Attack} 45. Re4 (45. Rxd4 $2 Rf3 $19 {[%mdl 64] Double Attack}) (45. Nxd4 Qf6 $17)) 43... Qf3+ $17 {[%mdl 64] [#] Double Attack} 44. R4g2 $2 (44. Qg2 $17 {was the only chance.}) 44... Qxd3 $19 {[%mdl 64] Double Attack} 45. e6 Qxe4 $2 (45... Qxc2 $19 46. Bxh6 (46. Qc7+ $2 Rg7 $19) 46... Qxe4 47. Bxf8 Rxf8) 46. Re1 $1 $15 {[%cal Re1e4]} Qf3 (46... Qxc2 $15 47. Qc7+ {[%mdl 64] Double Attack} Ng7 48. Qxc6 Rf6) 47. Kg1 (47. e7 $11 Re8 48. Qd6) 47... Nf4 (47... Ng7 $142 48. e7 Rf7) 48. Bxf4 $17 Qxf4 ({Black should play} 48... Rxf4 $15 49. Rf2 Qxf2+ 50. Qxf2 Rxf2 51. Kxf2 d3) 49. Qxf4 $11 Rxf4 50. Rd2 (50. e7 $11 {was the only way to keep the balance.} Re8 51. Re6) 50... Re8 {Black converts the advantage convincingly.} 51. Kg2 ({Better is} 51. e7 $15) 51... g5 52. Na3 $2 (52. Red1 $17) 52... Kg6 $19 53. Rde2 (53. Nc2 $142) 53... Rf5 54. e7 Kf7 55. Re6 Rxe7 56. Rxe7+ Nxe7 57. Rf1 (57. Nb1 $142) 57... Rxf1 58. Kxf1 {[%mdl 4096] Endgame KN-KN} Nc6 59. Ke2 Ke6 60. Kd3 Ke5 61. Nc2 Nb4+ {Black mates.} 62. Kd2 Nxc2 63. Kxc2 a4 {[%cal Ba5a4,Ba4a3][%mdl 32]} 64. Kb2 d3 65. Kc3 a3 66. c6 Kd6 67. c5+ Kxc6 {Weighted Error Value: White=0.68/Black=0.55} 0-1